000 00687nam a2200241 a 4500
001 18147
003 CO-ViMGA
008 141112s2004 ck r 000 u spa d
020 _a9505117957
040 _aCO-ViMGA
_bspa
_cCO-ViMGA
082 0 4 _a306 S281c
100 1 _aSchwanitz, Dietrich
_925828
245 1 0 _aLa cultura . Todo lo que hay que saber
260 _aMadríd (España),
_cTaurus,
_c2003
300 _a558.p.
590 _aForma de adquisición : Premio - Mincultura
650 1 4 _aCIVILIZACION
_949532
650 1 4 _aCULTURA
650 1 4 _aCULTURA - HISTORIA
_955226
650 1 4 _aLITERATURA - HISTORIA Y CRITICA
650 1 4 _aVIDA INTELECTUAL
_925829
942 _2ddc
_cBK
999 _c27519
_d27519